1357 1422 1791 1023 1636 1135 1990 1415 1088 1914 1834 1027 1185 1648 1135 1389 1399 1754 1092 1998 1115 1647 1376 1042 1116 1151 1256 1151 1388 1441 1693 1015 1642 1282 1547 1463 1412 1766 1173 1252 1764 1239 1582 1461 1190 1493 1733 1975 1278 1110 1536 1487 1684 1737 1061 1146 1393 1845 1777 1946 1207 1849 1948 1315 1079 1051 1999 1563 1792 1540 1289 1678 1072 1657 1828 1815 1041 1976 1487 1215 1717 1181 1804 1398 1044 1448 1625 1015 1647 1546 1275 1510 1024 1305 1777 1077 1786 1208 1003 BCNSPRNW ULIB Ver.6.0+V

เปลี่ยนเป็นภาษาไทย

Change to English
 แสดงรายละเอียดบรรณานุกรม
  กลับหน้าหลัก

Brief Record : Get Marc (ISO 2709) : E-mail record : QR code < ปิดหน้าต่าง
LEADER : 00000nam 2200000uu 4500
001    13399120166
003     ULIB
008    120905s2554||||th 000 0 tha d
020    ^a9789747645569
060 04 ^aWY159^bย394ห
100 0  ^aยุพยงค์ ทังสุบุตร
245 10 ^aหลักและเทคนิคปฏิบัติการทางการพยาบาลเด็ก /^cยุพยงค์ ทังสุบุตร ... [และคนอื่นๆ]
250    ^aพิมพ์ครั้งที่ 3
260    ^aนนทบุรี :^bโครงการสวัสดิการวิชาการ สถาบันพระบรมราชชนก,^c2554
300    ^a178 หน้า :^bภาพประกอบ ;^c26 ซม.
650  7 ^aการพยาบาลกุมารเวชศาสตร์
650  7 ^aเด็ก^xการดูแล
710 2  ^aสถาบันพระบรมราชชนก. ^bโครงการสวัสดิการวิชาการ
945    ^p280^l0^i032792
945    ^p280^l0^i032792
945    ^p280^l0^i032793
945    ^p280^l0^i032794
945    ^p280^l0^i032795
945    ^p280^l0^i032879
995    ^aทศพร
999    ^aทศพร
รายการนี้ยังไม่มีแท็ก
คุณยังไม่ได้ล็อกอิน คุณสามารถมีกิจกรรมร่วมกับเว็บไซต์ได้ แต่ต้องล็อกอินก่อน ::
  ล็อกอิน

รายการสื่อสารสนเทศ

ลำดับที่ ประเภท เลขเรียก/บาร์โค้ด สถานที่ สถานะ
1. วิทยาศาสตร์การแพทย์ และสุขภาพ
หนังสือสำรอง
สถานะ=หนังสือสำรอง
WY159 ย394ห ฉ.1 
  Barcode: 032792
ห้องสมุดวิทยาเขตสวรรค์ประชารักษ์
►ส่วนจัดเก็บหนังสือเก่า สปร
บนชั้น
  ขอยืม
2. วิทยาศาสตร์การแพทย์ และสุขภาพ
วิทยาศาสตร์การแพทย์ และสุขภาพ
WY159 ย394ห ฉ.3 
  Barcode: 032793
ห้องสมุดวิทยาเขตสวรรค์ประชารักษ์
►ส่วนจัดเก็บหนังสือเก่า สปร
บนชั้น
  ขอยืม
3. วิทยาศาสตร์การแพทย์ และสุขภาพ
วิทยาศาสตร์การแพทย์ และสุขภาพ
WY159 ย394ห ฉ.5 
  Barcode: 032795
ห้องสมุดวิทยาเขตสวรรค์ประชารักษ์
►ส่วนจัดเก็บหนังสือเก่า สปร
บนชั้น
  ขอยืม
4. วิทยาศาสตร์การแพทย์ และสุขภาพ
วิทยาศาสตร์การแพทย์ และสุขภาพ
WY159 ย394ห ฉ.6 
  Barcode: 032879
ห้องสมุดวิทยาเขตสวรรค์ประชารักษ์
►หนังสือทั่วไป
บนชั้น

รายการใกล้เคียง
    ผู้แต่ง [ยุพยงค์ ทังสุบุตร]

    หัวเรื่อง [การพยาบาลกุมารเวชศาสตร์]
    หัวเรื่อง [เด็ก การดูแล]

BibComment


ยังไม่เคยถูกคอมเมนท์

คอมเมนท์ทรัพยากรรายการนี้
  คอมเมนท์: หลักและเทคนิคปฏิ..


 Copyright 2026. Bcnsprnw @Library